Tourism and sustainability: Development, globalisation and tourism in the third world (Record no. 18372)

MARC details
000 -LEADER
fixed length control field 00526nam a2200181Ia 4500
008 - FIXED-LENGTH DATA ELEMENTS--GENERAL INFORMATION
fixed length control field 230917s9999||||xx |||||||||||||| ||und||
020 ## - ISBN
Price GBP32.99
040 ## - CATALOGING SOURCE
-- 232491
Original cataloging agency VIVEKANANDA LIBRARY
041 ## - Language
-- English
082 ## - DDC NUMBER
Classification number 338.4791 M87T(4)
100 ## - MAIN ENTRY--PERSONAL NAME
Personal name Mowforth, Martin
245 #0 - TITLE STATEMENT
Title Tourism and sustainability: Development, globalisation and tourism in the third world
250 ## - EDITION STATEMENT
Edition statement 4th ed.
260 ## - PUBLICATION, DISTRIBUTION, ETC. (IMPRINT)
Place of publication, distribution, etc London
Name of publisher, distributor, etc Routledge
Date of publication, distribution, etc 2016
300 ## - PHYSICAL DESCRIPTION
Pages 455 p.
500 ## - GENERAL NOTE
General note 2298 10/03/2016 HBD16/1805 14/03/2016 Main Budget
942 ## - ADDED ENTRY ELEMENTS (KOHA)
Koha item type Books
Holdings
Withdrawn status Lost status Damaged status Not for loan Location (home branch) Sublocation or collection (holding branch) Shelving location Date acquired Koha issues (times borrowed) Koha full call number Accession No. Koha date last seen Koha item type
        VIVEKANANDA LIBRARY VIVEKANANDA LIBRARY IHTM Library 04/07/2016   338.4791 M87T(4) 353146 17/09/2023 Books
        VIVEKANANDA LIBRARY VIVEKANANDA LIBRARY IHTM Library 04/07/2016   338.4791 M87T(4) 358599 17/09/2023 Books
© Designed and Maintained by Vivekananda Library, MDU Rohtak